LIBRARY & INFORMATION CENTRE, KCAET, TAVANUR

ONLINE PUBLIC ACCESS CATALOGUE (OPAC)

Traveller and the deserted village / (Record no. 7785)

MARC details
000 -LEADER
fixed length control field 00402cam a2200157ua 4500
041 ## - LANGUAGE CODE
Language code of text/sound track or separate title eng
082 ## - DEWEY DECIMAL CLASSIFICATION NUMBER
Classification number 823.301
Item number MUR/TR
100 ## - MAIN ENTRY--AUTHOR NAME
Personal name Murison, W .
245 00 - TITLE STATEMENT
Title Traveller and the deserted village /
260 ## - PUBLICATION, DISTRIBUTION, ETC. (IMPRINT)
Place of publication Cambridge :
Name of publisher Cambridge University Press ,
Year of publication 1936.
300 ## - PHYSICAL DESCRIPTION
Number of Pages 84 ; .
942 ## - ADDED ENTRY ELEMENTS (KOHA)
Koha item type Books
Holdings
Withdrawn status Lost status Damaged status Home library Current library Date acquired Full call number Accession Number Koha item type
Withdrawn     KAUAET KAUAET 07/04/2012 823.301 9827 Books
Withdrawn     KAUAET Sanskrit University 07/04/2012 823.301 11655 Books
free website counter